000 00458nam a2200169Ia 4500
999 _c37395
_d37395
003 OSt
005 20200929103924.0
008 190216s9999||||xx |||||||||||||| ||und||
040 _coclc
082 _a596
_bNEW/P
100 _aNewman, H H
_95113
245 0 _aThe Phylum Chordata /
_cH H Newman
260 _bMacmillan Company,
_c1981.
_aNew York:
300 _a477p
650 _aZoology
942 _cBK
_2ddc
_h596
_iNEW/P
_k596
_mNEW/P